Statistics for DLR stations

Click here to take the quiz!

General Stats

  • This quiz has been taken 18 times
  • The average score is 26 of 45

Answer Stats

Stations:% Correct
Bank
91%
Lewisham
91%
Canary Wharf
82%
Limehouse
82%
Shadwell
82%
Tower Gateway
82%
Canning Town
73%
Custom House
73%
Cutty Sark
73%
Greenwich
73%
Island Gardens
73%
King George V
73%
Mudchute
73%
Poplar
73%
Woolwich Arsenal
73%
East India
64%
London City Airport
64%
Prince Regent
64%
Stratford
64%
West Ham
64%
Abbey Road
55%
Beckton
55%
Cyprus
55%
Deptford Bridge
55%
Elverson Road
55%
Pontoon Dock
55%
Royal Victoria
55%
Stratford High Street
55%
West India Quay
55%
All Saints
45%
Beckton Park
45%
Blackwall
45%
Crossharbour
45%
Devons Road
45%
Pudding Mill Lane
45%
Royal Albert
45%
Star Lane
45%
Stratford International
45%
Westferry
45%
Langdon Park
36%
South Quay
36%
West Silvertown
36%
Bow Church
27%
Gallions Reach
27%
Herons Quays
27%

Score Distribution

Percentile by Number Answered

Percent of People with Each Score

Your Score History

You have not taken this quiz